|
|
|
|
| LEADER |
00000nam0a2200000 4500 |
| 001 |
112165 |
| 005 |
20231031121346.0 |
| 010 |
|
|
|a 5766301472
|
| 020 |
|
|
|a RU
|b 91-12119
|
| 035 |
|
|
|a (RuTPU)RU\TPU\book\121266
|
| 090 |
|
|
|a 112165
|
| 100 |
|
|
|a 20070323d1991 m y0rusy5003 ca
|
| 101 |
0 |
|
|a rus
|
| 102 |
|
|
|a RU
|
| 105 |
|
|
|a y z 000gy
|
| 200 |
1 |
|
|a Натянутый нерв струны
|e стихи и песни бардов 50-80 годов
|f сост. А. Николашина, М. Шмакова; худож. Ю. Дунский
|
| 210 |
|
|
|a Хабаровск
|c Кн. изд-во
|d 1991
|
| 215 |
|
|
|a 224 с.
|c ил.
|
| 333 |
|
|
|a Исключено из фонда НТБ ТПУ
|
| 464 |
|
|
|a Высоцкий, Владимир Семенович
|
| 675 |
|
|
|a Р2
|v 3
|
| 702 |
|
1 |
|a Николашина
|b А.
|g Александра
|4 220
|
| 702 |
|
1 |
|a Шмакова
|b М.
|g Мария
|4 220
|
| 702 |
|
1 |
|a Дунский
|b Ю.
|g Юрий
|4 440
|
| 801 |
|
0 |
|a RU
|b RuMRKP
|c 19950417
|g psbo
|
| 801 |
|
1 |
|a RU
|b 63413507
|c 20070323
|g PSBO
|
| 801 |
|
2 |
|a RU
|b 63413507
|c 20221005
|g PSBO
|
| 942 |
|
|
|c BK
|